000 00370nam a22001457a 4500
999 _c15674
_d15674
003 OSt
008 190527b ||||| |||| 00| 0 eng d
020 _a9780143442769
082 _a823.914
_bROY/TH
100 _aRoy, Arundhati.
_94146
245 _aThe Ministry of Utmost Happiness
260 _aHaryana
_bPenguin Random House India
_c2017
300 _a445
942 _cBK